000 00675nam a2200229Ia 4500
005 20230622085505.0
008 131103s9999 xx 000 0 und d
020 _a007057771 4
040 _aLoreto College
041 _aEnglish
082 _a301
_bSCH
100 _aSchaefer,Richard T
245 _aSociology
_cby Richard T.Schaefer and Robert P.Lamm
260 _aNew York
_bThe McGraw - Hill Companies
_c1998
300 _axxvi,708 p.
_b ill.,fig.,photos,tables
504 _aIncludes bibliographical references and index
650 _aSociology
651 _aPhilosophy And Theory Of Science
700 _aLamm,Robert P.,auth.
850 _aLCLIB
942 _cBK
999 _c3293
_d53772